| Record ID | marc_records_scriblio_net/part21.dat:68098441:816 |
| Source | Scriblio |
| Download Link | /show-records/marc_records_scriblio_net/part21.dat:68098441:816?format=raw |
LEADER: 00816pam 2200229 a 4500
001 90015081
003 DLC
005 19910517140544.0
008 900919s1990 vtua f 00110 eng
010 $a 90015081
020 $a0881501824 :$c$14.95
040 $aDLC$cDLC$dDLC
050 00 $aSF65.2$b.T483 1990
082 00 $a636$220
100 10 $aThomas, Steven.
245 10 $aBackyard livestock :$braising good natural food for your family /$cSteven Thomas ; revised by George P. Looby ; illustrations by Mark Howell and Patricia Witten.
250 $aRev., expanded ed.
260 0 $aWoodstock, Vt. :$bCountryman Press,$cc1990.
300 $axvi, 229 p. :$bill. ;$c23 cm.
504 $aIncludes bibliographical references (p. 205-214) and index.
650 0 $aLivestock$xHandbooks, manuals, etc.
700 10 $aLooby, George P.